01275nam a2200301Ia 4500001001200000003000800012006001900020007001500039008004100054010001700095020001500112020001800127040002100145035002100166050002800187100002400215245011600239260009900355300002300454504006400477533015200541650004300693650004800736655002900784710001700813856012600830999001700956ebr10255442CaPaEBRm u cr cn|||||||||080116s2008 si a sb 001 0 eng d z 2008273481 z9812779833 z9789812779830 aCaPaEBRcCaPaEBR a(OCoLC)56063583414aQA76.76.I58bD37 2008eb1 aDas, Subrata Kumar.10aFoundations of decision-making agentsh[electronic resource] :blogic, probability and modality /cSubrata Das. aSingapore ;aHackensack, NJ :bWorld Scientific ;a[London] :bImperial College Press,cc2008. axv, 366 p. :bill. aIncludes bibliographical references (p. 347-353) and index. aElectronic reproduction.bPalo Alto, Calif. :cebrary,d2009.nAvailable via World Wide Web.nAccess may be limited to ebrary affiliated libraries. 0aIntelligent agents (Computer software) 0aArtificial intelligencexComputer programs. 7aElectronic books.2local2 aebrary, Inc.40uhttp://site.ebrary.com/lib/rucke/Doc?id=10255442zAn electronic book accessible through the World Wide Web; click to view c32998d32998